What Is This Feeling? Wicked lyrics - Statistics

General Stats
  • This quiz has been taken 1,262 times
    521 since last reset
  • The average score is 301 of 371
Answer Stats
Answer % Correct
a
98%
I
98%
and
97%
what
97%
is
96%
My
96%
my
96%
so
96%
the
96%
you
96%
feeling
95%
feeling?
95%
it
95%
it?
95%
this
94%
be
93%
for
93%
new?
93%
dear
92%
loath
92%
on
92%
sudden
92%
to
92%
eyes
91%
felt
91%
how
91%
loathing
91%
moment
91%
all
90%
does
90%
face
90%
some
90%
your
90%
laid
88%
there's
88%
clothing
87%
just
87%
me
87%
do
86%
have
86%
name?
86%
but
85%
head
85%
her
85%
that
85%
yes
85%
in
84%
voice
84%
been
83%
roommate
83%
at
82%
confusion
82%
flushing
82%
i'll
82%
know
82%
want
82%
every
81%
father
81%
here
81%
of
81%
Shiz
81%
blonde
80%
course
80%
rise
80%
say
80%
above
79%
as
79%
care
79%
describe
79%
impossible
79%
let's
79%
little
79%
make
79%
Nessa
79%
pulse
79%
see
79%
flame
78%
rushing
78%
small
78%
we
78%
galinda
77%
reeling
77%
are
76%
crawl
76%
however
76%
begin
75%
life
75%
respond
75%
rooming
75%
that's
75%
very
75%
with
75%
unadulterated
74%
whole
74%
good
73%
you'd
73%
could
72%
don't
72%
it's
72%
over
72%
peculiar
72%
strange
72%
think
72%
too
72%
Popsicle
71%
flesh
69%
long
69%
she's
69%
strong
69%
will
69%
Dearest
68%
last
68%
quite
68%
unusually
68%
came
67%
can
67%
Momsie
67%
pure
67%
total
67%
believe
66%
fast
66%
such
66%
things
66%
though
65%
terror
64%
us
64%
stand
63%
well
63%
admit
62%
simple
62%
still
62%
these
62%
try
62%
you're
62%
detestation
61%
force
60%
poor
59%
side
58%
utter
58%
mean
57%
sent
57%
we're
57%
someone
56%
altogether
55%
fervid
55%
reside
55%
tell
55%
martyr
54%
share
54%
trait
54%
bias
52%
oh
52%
show
52%
exceedingly
51%
exhilaration
48%
darlingest
44%
loathe
42%
ah
38%
makes
37%
tartar
36%
forever
32%
BOO
26%
our
26%
deeply
25%
truly
24%
disgusticified
19%
ahhh
11%
No matching quizzes found
Score Distribution
Percent of People with Each Score
Percentile by Number Answered
Your Score History
You have not taken this quiz since the last reset